[Event "DEM U10 2024"]
[Site "Willingen GER"]
[Date "2024.05.24"]
[Round "10"]
[White "Liu, Jonas"]
[Black "Sander, Tino"]
[Result "0-1"]
[Termination "normal"]
[Board "12"]
[WhiteElo "1632"]
[BlackElo "1724"]
[WhiteClock "00:09:14"]
[BlackClock "00:02:45"]
[PlyCount "72"]
[WhiteFideId "34660941"]
[BlackFideId "34636110"]
[EventCountry "GER"]
[EventRounds "11"]
[EventType "swiss"]
[EventDate "2024.05.18"]

1. e4 {[%clk 01:15:52]} {[%emt 00:00:07]} e5 {[%clk 01:15:47]} {[%emt
00:00:13]} 2. Nf3 {[%clk 01:15:58]} {[%emt 00:00:24]} Nc6 {[%clk 01:16:02]}
{[%emt 00:00:16]} 3. Bc4 {[%clk 01:15:35]} {[%emt 00:00:54]} Bc5 {[%clk
01:16:16]} {[%emt 00:00:14]} 4. c3 {[%clk 01:15:16]} {[%emt 00:00:49]} Nf6
{[%clk 01:16:34]} {[%emt 00:00:12]} 5. d4 {[%clk 01:15:14]} {[%emt 00:00:32]}
exd4 {[%clk 01:16:52]} {[%emt 00:00:13]} 6. cxd4 {[%clk 01:14:39]} {[%emt
00:01:05]} Bb4+ {[%clk 01:17:07]} {[%emt 00:00:15]} 7. Nc3 {[%clk 01:13:53]}
{[%emt 00:01:16]} Nxe4 {[%clk 01:17:19]} {[%emt 00:00:18]} 8. O-O {[%clk
01:14:13]} {[%emt 00:00:11]} Bxc3 {[%clk 01:17:29]} {[%emt 00:00:18]} 9. bxc3
{[%clk 01:13:13]} {[%emt 00:01:30]} d5 {[%clk 01:17:33]} {[%emt 00:00:27]} 10.
Bd3 {[%clk 01:08:45]} {[%emt 00:04:56]} O-O {[%clk 01:10:49]} {[%emt 00:07:15]}
11. Qc2 {[%clk 01:06:43]} {[%emt 00:02:32]} f5 {[%clk 01:05:51]} {[%emt
00:05:29]} 12. Nd2 {[%clk 01:06:06]} {[%emt 00:01:06]} Bd7 {[%clk 01:02:05]}
{[%emt 00:04:16]} 13. f3 {[%clk 01:02:39]} {[%emt 00:03:57]} Nd6 {[%clk
01:00:17]} {[%emt 00:02:17]} 14. Ba3 {[%clk 01:01:05]} {[%emt 00:02:04]} Qf6
{[%clk 00:58:04]} {[%emt 00:02:45]} 15. Rab1 {[%clk 00:59:42]} {[%emt
00:01:50]} b6 {[%clk 00:49:30]} {[%emt 00:09:08]} 16. Rfe1 {[%clk 00:53:28]}
{[%emt 00:06:42]} a6 {[%clk 00:28:03]} {[%emt 00:21:58]} 17. Nf1 {[%clk
00:48:36]} {[%emt 00:05:20]} Ne7 {[%clk 00:15:00]} {[%emt 00:13:35]} 18. Ne3
{[%clk 00:47:47]} {[%emt 00:01:19]} Bb5 {[%clk 00:11:17]} {[%emt 00:04:12]} 19.
Bxb5 {[%clk 00:46:04]} {[%emt 00:02:13]} axb5 {[%clk 00:11:01]} {[%emt
00:00:47]} 20. Bxd6 {[%clk 00:42:55]} {[%emt 00:03:38]} Qxd6 {[%clk 00:10:14]}
{[%emt 00:01:17]} 21. Rxb5 {[%clk 00:42:57]} {[%emt 00:00:28]} Ra7 {[%clk
00:08:00]} {[%emt 00:02:45]} 22. Qb3 {[%clk 00:40:23]} {[%emt 00:03:04]} Rd8
{[%clk 00:05:19]} {[%emt 00:03:10]} 23. Nc2 {[%clk 00:28:53]} {[%emt 00:12:00]}
Rda8 {[%clk 00:04:38]} {[%emt 00:01:13]} 24. Nb4 {[%clk 00:19:47]} {[%emt
00:09:34]} Ra3 {[%clk 00:04:25]} {[%emt 00:00:44]} 25. Qb2 {[%clk 00:17:32]}
{[%emt 00:02:40]} Kf7 {[%clk 00:03:21]} {[%emt 00:01:39]} 26. Re5 {[%clk
00:10:21]} {[%emt 00:07:40]} c5 {[%clk 00:01:49]} {[%emt 00:02:03]} 27. dxc5
{[%clk 00:10:13]} {[%emt 00:00:37]} Qxe5 {[%clk 00:01:59]} {[%emt 00:00:20]}
28. Kf2 {[%clk 00:09:04]} {[%emt 00:01:39]} Rxc3 {[%clk 00:01:41]} {[%emt
00:00:48]} 29. Qd2 {[%clk 00:08:15]} {[%emt 00:01:20]} bxc5 {[%clk 00:01:01]}
{[%emt 00:01:10]} 30. Nd3 {[%clk 00:07:54]} {[%emt 00:00:50]} Qd4+ {[%clk
00:01:19]} {[%emt 00:00:12]} 31. Kg3 {[%clk 00:08:10]} {[%emt 00:00:14]} Rxd3
{[%clk 00:01:20]} {[%emt 00:00:30]} 32. Qg5 {[%clk 00:08:15]} {[%emt 00:00:25]}
Qe5+ {[%clk 00:01:39]} {[%emt 00:00:10]} 33. Kh3 {[%clk 00:08:35]} {[%emt
00:00:09]} Qf6 {[%clk 00:01:41]} {[%emt 00:00:29]} 34. Qc1 {[%clk 00:08:28]}
{[%emt 00:00:37]} Qh6+ {[%clk 00:01:59]} {[%emt 00:00:13]} 35. Qxh6 {[%clk
00:08:51]} {[%emt 00:00:07]} gxh6 {[%clk 00:02:23]} {[%emt 00:00:05]} 36. Rxc5
{[%clk 00:09:14]} {[%emt 00:00:08]} Rxa2 {[%clk 00:02:45]} {[%emt 00:00:07]}
0-1

[Event "DEM U10 2024"]
[Site "Willingen GER"]
[Date "2024.05.24"]
[Round "10"]
[White "Alloussi, Arian"]
[Black "Spielmann, Jan"]
[Result "1-0"]
[Termination "normal"]
[Board "13"]
[WhiteElo "1697"]
[BlackElo "1725"]
[WhiteClock "00:13:50"]
[BlackClock "00:35:10"]
[PlyCount "143"]
[WhiteFideId "34637788"]
[BlackFideId "34680039"]
[EventCountry "GER"]
[EventRounds "11"]
[EventType "swiss"]
[EventDate "2024.05.18"]

1. e4 {[%clk 01:15:59]} e5 {[%clk 01:15:45]} {[%emt 00:00:16]} 2. Nf3 {[%clk
01:16:22]} {[%emt 00:00:06]} Nc6 {[%clk 01:15:53]} {[%emt 00:00:22]} 3. Bc4
{[%clk 01:16:44]} {[%emt 00:00:09]} Bc5 {[%clk 01:16:06]} {[%emt 00:00:17]} 4.
c3 {[%clk 01:17:07]} {[%emt 00:00:07]} Bb6 {[%clk 01:16:19]} {[%emt 00:00:17]}
5. d4 {[%clk 01:17:06]} {[%emt 00:00:31]} Qe7 {[%clk 01:16:35]} {[%emt
00:00:10]} 6. d5 {[%clk 01:14:52]} {[%emt 00:02:48]} Nb8 {[%clk 01:13:52]}
{[%emt 00:03:13]} 7. Bg5 {[%clk 01:07:48]} {[%emt 00:07:32]} Nf6 {[%clk
01:14:08]} {[%emt 00:00:14]} 8. Nbd2 {[%clk 01:07:22]} {[%emt 00:00:58]} d6
{[%clk 01:14:10]} {[%emt 00:00:28]} 9. h3 {[%clk 01:05:48]} {[%emt 00:02:03]}
Nbd7 {[%clk 01:13:13]} {[%emt 00:01:27]} 10. a4 {[%clk 01:04:25]} {[%emt
00:01:54]} a6 {[%clk 01:13:25]} {[%emt 00:00:18]} 11. a5 {[%clk 01:00:37]}
{[%emt 00:04:18]} Ba7 {[%clk 01:13:42]} {[%emt 00:00:12]} 12. b4 {[%clk
00:59:41]} {[%emt 00:01:28]} h6 {[%clk 01:13:46]} {[%emt 00:00:25]} 13. Bh4
{[%clk 00:58:39]} {[%emt 00:01:32]} Nf8 {[%clk 01:05:37]} {[%emt 00:08:38]} 14.
Bg3 {[%clk 00:46:33]} {[%emt 00:12:37]} Ng6 {[%clk 01:01:06]} {[%emt 00:04:59]}
15. Nh4 {[%clk 00:42:36]} {[%emt 00:04:27]} Nxh4 {[%clk 01:00:43]} {[%emt
00:00:54]} 16. Bxh4 {[%clk 00:42:53]} {[%emt 00:00:13]} Bd7 {[%clk 01:00:44]}
{[%emt 00:00:30]} 17. Qe2 {[%clk 00:42:36]} {[%emt 00:00:47]} Rc8 {[%clk
00:50:48]} {[%emt 00:10:23]} 18. O-O {[%clk 00:38:17]} {[%emt 00:04:50]} c6
{[%clk 00:48:31]} {[%emt 00:02:49]} 19. dxc6 {[%clk 00:34:56]} {[%emt
00:03:50]} Bxc6 {[%clk 00:48:29]} {[%emt 00:00:33]} 20. Rab1 {[%clk 00:34:07]}
{[%emt 00:01:19]} Bd7 {[%clk 00:45:33]} {[%emt 00:03:25]} 21. Rbc1 {[%clk
00:29:06]} {[%emt 00:05:32]} Be6 {[%clk 00:44:59]} {[%emt 00:00:58]} 22. Bxe6
{[%clk 00:27:53]} {[%emt 00:01:49]} Qxe6 {[%clk 00:43:21]} {[%emt 00:02:08]}
23. b5 {[%clk 00:28:02]} {[%emt 00:00:21]} axb5 {[%clk 00:42:45]} {[%emt
00:01:05]} 24. Qxb5+ {[%clk 00:28:18]} {[%emt 00:00:13]} Qd7 {[%clk 00:43:09]}
{[%emt 00:00:07]} 25. c4 {[%clk 00:28:06]} {[%emt 00:00:43]} g5 {[%clk
00:41:54]} {[%emt 00:01:45]} 26. Bg3 {[%clk 00:28:02]} {[%emt 00:00:33]} Qxb5
{[%clk 00:42:09]} {[%emt 00:00:16]} 27. cxb5 {[%clk 00:28:24]} {[%emt
00:00:08]} Ke7 {[%clk 00:41:49]} {[%emt 00:00:49]} 28. b6 {[%clk 00:25:10]}
{[%emt 00:03:46]} Bb8 {[%clk 00:41:01]} {[%emt 00:01:17]} 29. f3 {[%clk
00:22:59]} {[%emt 00:02:41]} Nh5 {[%clk 00:40:03]} {[%emt 00:01:25]} 30. Bh2
{[%clk 00:22:15]} {[%emt 00:01:16]} Nf4 {[%clk 00:38:24]} {[%emt 00:02:08]} 31.
Bxf4 {[%clk 00:22:18]} {[%emt 00:00:29]} exf4 {[%clk 00:38:36]} {[%emt
00:00:17]} 32. Kf2 {[%clk 00:21:21]} {[%emt 00:01:27]} Rhd8 {[%clk 00:37:21]}
{[%emt 00:01:35]} 33. Rfe1 {[%clk 00:19:09]} {[%emt 00:02:53]} Rxc1 {[%clk
00:36:55]} {[%emt 00:00:55]} 34. Rxc1 {[%clk 00:19:03]} {[%emt 00:00:36]} d5
{[%clk 00:37:16]} {[%emt 00:00:09]} 35. Rc5 {[%clk 00:17:51]} {[%emt 00:01:42]}
d4 {[%clk 00:37:05]} {[%emt 00:00:38]} 36. Nb3 {[%clk 00:14:17]} {[%emt
00:04:07]} d3 {[%clk 00:36:37]} {[%emt 00:00:58]} 37. Ke1 {[%clk 00:12:47]}
{[%emt 00:02:00]} Bd6 {[%clk 00:36:38]} {[%emt 00:00:30]} 38. Rc4 {[%clk
00:12:59]} {[%emt 00:00:19]} Be5 {[%clk 00:34:33]} {[%emt 00:02:31]} 39. Kd2
{[%clk 00:12:20]} {[%emt 00:01:10]} f5 {[%clk 00:33:29]} {[%emt 00:01:35]} 40.
Nc5 {[%clk 00:10:03]} {[%emt 00:02:47]} fxe4 {[%clk 00:33:33]} {[%emt
00:00:26]} 41. Rxe4 {[%clk 00:09:44]} {[%emt 00:00:49]} Kf6 {[%clk 00:32:42]}
{[%emt 00:01:21]} 42. Nxb7 {[%clk 00:08:56]} {[%emt 00:01:18]} Bc3+ {[%clk
00:32:45]} {[%emt 00:00:27]} 43. Kd1 {[%clk 00:08:02]} {[%emt 00:01:24]} Rd4
{[%clk 00:32:11]} {[%emt 00:01:04]} 44. Rxd4 {[%clk 00:07:56]} {[%emt
00:00:37]} Bxd4 {[%clk 00:32:33]} {[%emt 00:00:08]} 45. Kd2 {[%clk 00:08:15]}
{[%emt 00:00:10]} Ke6 {[%clk 00:32:44]} {[%emt 00:00:19]} 46. Kxd3 {[%clk
00:08:11]} {[%emt 00:00:34]} Kd5 {[%clk 00:32:52]} {[%emt 00:00:23]} 47. Nd6
{[%clk 00:07:23]} {[%emt 00:01:18]} Be3 {[%clk 00:32:23]} {[%emt 00:00:58]} 48.
b7 {[%clk 00:07:42]} {[%emt 00:00:11]} Ba7 {[%clk 00:32:47]} {[%emt 00:00:06]}
49. Nc8 {[%clk 00:07:58]} {[%emt 00:00:14]} Bb8 {[%clk 00:33:05]} {[%emt
00:00:13]} 50. a6 {[%clk 00:08:22]} {[%emt 00:00:06]} Kc6 {[%clk 00:33:11]}
{[%emt 00:00:23]} 51. a7 {[%clk 00:08:47]} {[%emt 00:00:06]} Bxa7 {[%clk
00:33:27]} {[%emt 00:00:14]} 52. Nxa7+ {[%clk 00:09:07]} {[%emt 00:00:09]} Kxb7
{[%clk 00:33:51]} {[%emt 00:00:06]} 53. Ke4 {[%clk 00:08:26]} {[%emt 00:01:12]}
Kxa7 {[%clk 00:31:06]} {[%emt 00:03:16]} 54. Kf5 {[%clk 00:08:38]} {[%emt
00:00:17]} Kb6 {[%clk 00:31:10]} {[%emt 00:00:22]} 55. Kg6 {[%clk 00:09:05]}
{[%emt 00:00:07]} g4 {[%clk 00:31:32]} {[%emt 00:00:08]} 56. Kxh6 {[%clk
00:09:06]} {[%emt 00:00:29]} gxf3 {[%clk 00:31:42]} {[%emt 00:00:19]} 57. gxf3
{[%clk 00:09:29]} {[%emt 00:00:08]} Kc6 {[%clk 00:32:01]} {[%emt 00:00:11]} 58.
Kg5 {[%clk 00:09:49]} {[%emt 00:00:10]} Kd6 {[%clk 00:32:21]} {[%emt 00:00:09]}
59. Kxf4 {[%clk 00:10:08]} {[%emt 00:00:11]} Ke6 {[%clk 00:32:42]} {[%emt
00:00:08]} 60. Kg5 {[%clk 00:10:30]} {[%emt 00:00:09]} Kf7 {[%clk 00:33:03]}
{[%emt 00:00:09]} 61. Kf5 {[%clk 00:10:55]} {[%emt 00:00:06]} Kg7 {[%clk
00:33:24]} {[%emt 00:00:08]} 62. Ke6 {[%clk 00:11:04]} {[%emt 00:00:22]} Kf8
{[%clk 00:32:16]} {[%emt 00:01:37]} 63. Kf6 {[%clk 00:10:53]} {[%emt 00:00:41]}
Kg8 {[%clk 00:32:39]} {[%emt 00:00:07]} 64. f4 {[%clk 00:11:11]} {[%emt
00:00:12]} Kf8 {[%clk 00:32:59]} {[%emt 00:00:10]} 65. f5 {[%clk 00:11:28]}
{[%emt 00:00:14]} Kg8 {[%clk 00:33:13]} {[%emt 00:00:15]} 66. Ke7 {[%clk
00:11:53]} {[%emt 00:00:05]} Kg7 {[%clk 00:33:33]} {[%emt 00:00:11]} 67. f6
{[%clk 00:12:17]} {[%emt 00:00:06]} Kg6 {[%clk 00:33:55]} {[%emt 00:00:07]} 68.
f7 {[%clk 00:12:39]} {[%emt 00:00:08]} Kg5 {[%clk 00:34:22]} {[%emt 00:00:04]}
69. f8=Q {[%clk 00:12:59]} {[%emt 00:00:09]} Kh5 {[%clk 00:34:39]} {[%emt
00:00:12]} 70. Qg8 {[%clk 00:13:20]} {[%emt 00:00:11]} Kh6 {[%clk 00:34:59]}
{[%emt 00:00:10]} 71. Kf6 {[%clk 00:13:42]} {[%emt 00:00:07]} Kh5 {[%clk
00:35:10]} {[%emt 00:00:19]} 72. Qg5+ {[%clk 00:13:50]} {[%emt 00:00:22]} 1-0

[Event "DEM U10 2024"]
[Site "Willingen GER"]
[Date "2024.05.24"]
[Round "10"]
[White "Nikolic, Luka"]
[Black "Zielke, Mika"]
[Result "0-1"]
[Termination "normal"]
[Board "14"]
[WhiteElo "1145"]
[BlackElo "1589"]
[WhiteClock "00:43:00"]
[BlackClock "00:03:25"]
[PlyCount "110"]
[WhiteFideId "34655123"]
[BlackFideId "34661816"]
[EventCountry "GER"]
[EventRounds "11"]
[EventType "swiss"]
[EventDate "2024.05.18"]

1. d4 {[%clk 01:15:59]} {[%emt 01:43:45]} Nf6 {[%clk 01:15:51]} {[%emt
00:00:09]} 2. c4 {[%clk 01:16:21]} {[%emt 00:00:07]} e6 {[%clk 01:16:12]}
{[%emt 00:00:10]} 3. Nc3 {[%clk 01:16:44]} {[%emt 00:00:06]} Bb4 {[%clk
01:16:23]} {[%emt 00:00:20]} 4. Qc2 {[%clk 01:16:52]} {[%emt 00:00:22]} O-O
{[%clk 01:15:00]} {[%emt 00:01:53]} 5. Nf3 {[%clk 01:15:00]} {[%emt 00:02:23]}
d6 {[%clk 01:14:35]} {[%emt 00:00:54]} 6. Bf4 {[%clk 01:14:35]} {[%emt
00:00:56]} Re8 {[%clk 01:13:30]} {[%emt 00:01:34]} 7. a3 {[%clk 01:13:30]}
{[%emt 00:01:36]} Bxc3+ {[%clk 01:13:31]} {[%emt 00:00:29]} 8. Qxc3 {[%clk
01:12:11]} {[%emt 00:01:49]} Nbd7 {[%clk 01:13:06]} {[%emt 00:00:54]} 9. e3
{[%clk 01:12:04]} {[%emt 00:00:37]} Qe7 {[%clk 01:11:48]} {[%emt 00:01:46]} 10.
Be2 {[%clk 01:12:05]} {[%emt 00:00:31]} b6 {[%clk 01:09:42]} {[%emt 00:02:36]}
11. O-O {[%clk 01:11:13]} {[%emt 00:01:22]} Bb7 {[%clk 01:08:27]} {[%emt
00:01:45]} 12. Rad1 {[%clk 01:08:15]} {[%emt 00:03:28]} e5 {[%clk 01:05:19]}
{[%emt 00:03:37]} 13. dxe5 {[%clk 01:06:42]} {[%emt 00:02:04]} Nxe5 {[%clk
01:04:16]} {[%emt 00:01:33]} 14. Nxe5 {[%clk 01:03:00]} {[%emt 00:04:12]} dxe5
{[%clk 01:03:06]} {[%emt 00:01:38]} 15. Bg5 {[%clk 01:02:16]} {[%emt 00:01:16]}
Ne4 {[%clk 01:00:07]} {[%emt 00:03:29]} 16. Bxe7 {[%clk 01:01:10]} {[%emt
00:01:34]} Nxc3 {[%clk 01:00:16]} {[%emt 00:00:23]} 17. bxc3 {[%clk 01:01:20]}
{[%emt 00:00:18]} Rxe7 {[%clk 01:00:35]} {[%emt 00:00:13]} 18. Rb1 {[%clk
01:00:00]} {[%emt 00:01:51]} Rd8 {[%clk 00:59:53]} {[%emt 00:01:12]} 19. Rfd1
{[%clk 00:58:30]} {[%emt 00:01:56]} Red7 {[%clk 00:59:37]} {[%emt 00:00:48]}
20. h3 {[%clk 00:57:48]} {[%emt 00:01:12]} c5 {[%clk 00:58:21]} {[%emt
00:01:47]} 21. Rxd7 {[%clk 00:57:30]} {[%emt 00:00:49]} Rxd7 {[%clk 00:58:37]}
{[%emt 00:00:13]} 22. Rd1 {[%clk 00:57:45]} {[%emt 00:00:15]} Rxd1+ {[%clk
00:58:21]} {[%emt 00:00:47]} 23. Bxd1 {[%clk 00:58:07]} {[%emt 00:00:07]} Kf8
{[%clk 00:58:25]} {[%emt 00:00:26]} 24. f3 {[%clk 00:58:27]} {[%emt 00:00:10]}
Ke7 {[%clk 00:58:29]} {[%emt 00:00:24]} 25. e4 {[%clk 00:58:39]} {[%emt
00:00:20]} Kd6 {[%emt 00:02:07]} 26. Ba4 {[%emt 00:00:56]} Bc6 {[%emt
00:00:17]} 27. Bb5 {[%clk 00:57:43]} {[%emt 00:01:12]} Bxb5 {[%emt 00:15:05]}
28. cxb5 {[%clk 00:57:35]} {[%emt 00:00:43]} c4 29. Kf2 {[%clk 00:57:27]}
{[%emt 00:00:22]} Kc7 {[%clk 00:43:06]} {[%emt 00:00:07]} 30. Ke2 {[%clk
00:57:27]} Kb7 {[%clk 00:43:06]} {[%emt 00:01:16]} 31. Kd2 {[%clk 00:55:00]}
{[%emt 00:02:43]} a6 32. bxa6+ Kxa6 33. Kc2 {[%clk 00:54:08]} {[%emt 00:00:43]}
Kb5 34. Kb2 {[%clk 00:51:30]} {[%emt 00:02:22]} h5 35. Kc2 {[%emt 00:04:01]} h4
{[%emt 00:00:28]} 36. Kb2 {[%emt 00:01:24]} Kc5 {[%emt 00:01:59]} 37. Kc2
{[%emt 00:01:50]} Kd6 {[%emt 00:00:26]} 38. Kd2 {[%emt 00:01:32]} b5 {[%emt
00:01:38]} 39. Kd1 {[%emt 00:01:17]} Ke6 {[%emt 00:00:59]} 40. Ke2 {[%emt
00:12:21]} f5 {[%clk 00:26:28]} {[%emt 00:00:07]} 41. Ke3 {[%clk 00:48:01]}
{[%emt 00:00:42]} Kf6 {[%clk 00:19:19]} {[%emt 00:07:39]} 42. f4 {[%clk
00:45:22]} {[%emt 00:03:09]} g5 {[%clk 00:08:58]} {[%emt 00:10:50]} 43. fxe5+
{[%clk 00:44:18]} {[%emt 00:01:34]} Kxe5 {[%clk 00:07:18]} {[%emt 00:02:11]}
44. exf5 {[%clk 00:44:33]} {[%emt 00:00:16]} Kxf5 {[%clk 00:07:33]} {[%emt
00:00:13]} 45. Kf3 {[%clk 00:44:25]} {[%emt 00:00:39]} g4+ {[%clk 00:03:23]}
{[%emt 00:04:39]} 46. Kf2 {[%clk 00:43:15]} {[%emt 00:01:41]} gxh3 {[%clk
00:01:17]} {[%emt 00:02:36]} 47. gxh3 {[%clk 00:43:34]} {[%emt 00:00:11]} Kf4
{[%clk 00:01:35]} {[%emt 00:00:12]} 48. Kf1 {[%clk 00:42:02]} {[%emt 00:02:02]}
Kf3 {[%clk 00:01:38]} {[%emt 00:00:26]} 49. Ke1 {[%clk 00:42:09]} {[%emt
00:00:22]} Ke3 {[%clk 00:01:54]} {[%emt 00:00:15]} 50. Kd1 {[%clk 00:42:21]}
{[%emt 00:00:18]} Kd3 {[%clk 00:02:16]} {[%emt 00:00:08]} 51. Kc1 {[%clk
00:42:25]} {[%emt 00:00:26]} Kxc3 {[%clk 00:02:39]} {[%emt 00:00:08]} 52. Kb1
{[%clk 00:42:31]} {[%emt 00:00:24]} Kb3 {[%clk 00:02:59]} {[%emt 00:00:10]} 53.
Ka1 {[%clk 00:42:54]} {[%emt 00:00:08]} c3 {[%clk 00:03:12]} {[%emt 00:00:16]}
54. a4 {[%clk 00:42:40]} {[%emt 00:00:44]} c2 {[%clk 00:03:25]} {[%emt
00:00:17]} 55. axb5 {[%clk 00:43:00]} {[%emt 00:00:11]} c1=R# {[%emt 00:00:11]}
0-1

[Event "DEM U10 2024"]
[Site "Willingen GER"]
[Date "2024.05.24"]
[Round "10"]
[White "Stojanoski, Stefan"]
[Black "Schmidt, Alexander Nadvid"]
[Result "0-1"]
[Termination "normal"]
[Board "16"]
[WhiteElo "1638"]
[BlackElo "1679"]
[WhiteClock "00:08:27"]
[BlackClock "01:08:56"]
[PlyCount "60"]
[WhiteFideId "34632948"]
[BlackFideId "34661360"]
[EventCountry "GER"]
[EventRounds "11"]
[EventType "swiss"]
[EventDate "2024.05.18"]

1. e4 {[%clk 01:15:59]} {[%emt 00:13:37]} e5 {[%clk 01:15:36]} {[%emt
00:00:24]} 2. Nf3 {[%clk 01:16:25]} {[%emt 00:00:05]} Nc6 {[%clk 01:15:40]}
{[%emt 00:00:25]} 3. Bc4 {[%clk 01:16:50]} {[%emt 00:00:05]} Bc5 {[%clk
01:15:56]} {[%emt 00:00:14]} 4. d3 {[%clk 01:17:15]} {[%emt 00:00:05]} d6
{[%clk 01:16:18]} {[%emt 00:00:08]} 5. c3 {[%clk 01:17:29]} {[%emt 00:00:16]}
Bg4 {[%clk 01:16:35]} {[%emt 00:00:13]} 6. a4 {[%clk 01:17:54]} {[%emt
00:00:05]} a6 {[%clk 01:17:00]} {[%emt 00:00:06]} 7. Be3 {[%clk 01:17:57]}
{[%emt 00:00:26]} Bxe3 {[%clk 01:17:16]} {[%emt 00:00:14]} 8. fxe3 {[%clk
01:18:22]} {[%emt 00:00:06]} Nf6 {[%clk 01:17:32]} {[%emt 00:00:14]} 9. O-O
{[%clk 01:18:23]} {[%emt 00:00:29]} d5 {[%clk 01:17:19]} {[%emt 00:00:43]} 10.
exd5 {[%clk 01:10:41]} {[%emt 00:08:12]} Nxd5 {[%clk 01:17:37]} {[%emt
00:00:11]} 11. Qe2 {[%clk 01:08:56]} {[%emt 00:02:15]} O-O {[%clk 01:15:52]}
{[%emt 00:02:14]} 12. Qf2 {[%clk 01:05:26]} {[%emt 00:04:01]} Qd7 {[%clk
01:15:33]} {[%emt 00:00:50]} 13. Nbd2 {[%clk 00:58:04]} {[%emt 00:07:51]} Kh8
{[%clk 01:15:18]} {[%emt 00:00:44]} 14. Ng5 {[%clk 00:50:19]} {[%emt 00:08:16]}
f6 {[%clk 01:14:02]} {[%emt 00:01:45]} 15. h3 {[%clk 00:31:09]} {[%emt
00:19:41]} Bh5 {[%clk 01:12:40]} {[%emt 00:01:52]} 16. Kh1 {[%clk 00:28:15]}
{[%emt 00:03:24]} h6 {[%clk 01:12:41]} {[%emt 00:00:29]} 17. Ne6 {[%clk
00:17:20]} {[%emt 00:11:15]} Qxe6 {[%clk 01:08:54]} {[%emt 00:04:27]} 18. e4
{[%clk 00:17:08]} {[%emt 00:00:42]} Qd7 {[%clk 01:08:55]} {[%emt 00:00:24]} 19.
Bxd5 {[%clk 00:17:12]} {[%emt 00:00:31]} Bf7 {[%clk 01:09:16]} {[%emt
00:00:09]} 20. Bxf7 {[%clk 00:16:28]} {[%emt 00:01:14]} Rxf7 {[%clk 01:09:31]}
{[%emt 00:00:15]} 21. Qg3 {[%clk 00:16:48]} {[%emt 00:00:11]} Rd8 {[%clk
01:09:34]} {[%emt 00:00:26]} 22. Rf3 {[%clk 00:17:11]} {[%emt 00:00:06]} Re7
{[%clk 01:08:56]} {[%emt 00:01:09]} 23. Nc4 {[%clk 00:17:14]} {[%emt 00:00:27]}
b5 {[%clk 01:08:49]} {[%emt 00:00:37]} 24. axb5 {[%clk 00:17:30]} {[%emt
00:00:13]} axb5 {[%clk 01:09:14]} {[%emt 00:00:06]} 25. Na3 {[%clk 00:17:54]}
{[%emt 00:00:06]} b4 {[%clk 01:09:07]} {[%emt 00:00:37]} 26. cxb4 {[%clk
00:16:46]} {[%emt 00:01:38]} Nxb4 {[%clk 01:09:28]} {[%emt 00:00:10]} 27. Rd1
{[%clk 00:17:08]} {[%emt 00:00:08]} Re6 {[%clk 01:09:48]} {[%emt 00:00:09]} 28.
Nc4 {[%clk 00:17:32]} {[%emt 00:00:07]} Rc6 {[%clk 01:09:41]} {[%emt 00:00:37]}
29. Na3 {[%clk 00:16:57]} {[%emt 00:01:04]} Rd6 {[%clk 01:09:34]} {[%emt
00:00:38]} 30. Nc4 {[%clk 00:08:27]} {[%emt 00:08:56]} Rd4 {[%clk 01:08:56]}
{[%emt 00:01:11]} 0-1